000 00482nam a2200181Ia 4500
008 090124s9999 xx 000 0 und d
082 _b31106
100 _aपठाण यू. म.
245 _a जितराब
250 _a1
260 _bअनुपम प्रकाशन
_c1992
300 _a78
600 _aपठाण यू. म.
630 _a जितराब
700 _aपठाण यू. म.
730 _a जितराब
942 _cBOOK
999 _c97162
_d97162